Statistics for Countries Bordering France by Picture

Click here to take the quiz!

General Stats

  • This quiz has been taken 221 times
  • The average score is 8 of 10

Answer Stats

Answer% Correct
Italy
98%
Switzerland
91%
Germany
83%
Monaco
83%
Spain
77%
Andorra
75%
Luxembourg
71%
Belgium
70%
Brazil
65%
Suriname
57%

Score Distribution

Percentile by Number Answered

Percent of People with Each Score

Your Score History

You have not taken this quiz